| 000 | 00612nmm a2200229 a 4500 | ||
|---|---|---|---|
| 003 | AR-BaBNM | ||
| 005 | 20251128203501.0 | ||
| 008 | 192020s1960 ||||||||||||||000 | spa|| | ||
| 040 | _cAR-BaBNM | ||
| 100 | 1 | _aRojas, Ricardo | |
| 245 | 1 | 0 |
_aHistoria de la literatura argentina _bíndice general. 9 |
| 260 |
_aBuenos Aires _bGuillermo Kraft Limitada _c1960 |
||
| 300 | 0 | _a239 p. | |
| 650 | 4 | _aLITERATURA ARGENTINA | |
| 650 | 4 | _aHISTORIA ARGENTINA | |
| 650 | 4 | _aHISTORIA LITERARIA | |
| 650 | 4 | _aANALISIS LITERARIO | |
| 650 | 4 | _aPERIODO COLONIAL | |
| 655 | _aLITERATURA | ||
| 942 | _cBK | ||
| 998 | _cMARTIN | ||
| 999 |
_c3592 _d3592 |
||